[Event "TOP 12 Feminin Phase 1"]
[Site "PARIS, France"]
[Date "2025.05.10"]
[Round "4.6"]
[White "ZATONSKIH, Anna"]
[Black "GRIMAULT, Leane"]
[Result "1-0"]
[WhiteElo "2312"]
[BlackElo "1988"]
[PlyCount "91"]
[EventDate "2025.05.??"]
[WhiteTeam "VANDOEUVRE"]
[BlackTeam "JUVISY"]
[WhiteTeamCountry "FRA"]
[BlackTeamCountry "FRA"]

1. d4 {4} d5 {207} 2. c4 {19} e6 {16} 3. Nc3 {65} Bb4 {36} 4. e3 {426} Nf6 {206
} 5. Nf3 {27} c5 {84} 6. cxd5 {1016} exd5 {117} 7. dxc5 {28} O-O {573} 8. Be2 {
83} Nc6 {104} 9. O-O {440} Bxc5 {339} 10. a3 {111} a6 {248} 11. b4 {70} Ba7 {14
} 12. b5 {27} axb5 {71} 13. Nxb5 {11} Bc5 {130} 14. Bb2 {57} Ne4 {262} 15. Rc1
{934} Be6 {227} 16. Bd3 {498} Qe7 {198} 17. Qc2 {319} Bg4 {469} 18. Bxe4 {1064}
dxe4 {8} 19. Qxc5 {273} exf3 {37} 20. Qxe7 {70} Nxe7 {8} 21. Rc7 {123} Ng6 {400
} 22. Rfc1 {106} fxg2 {59} 23. Kxg2 {14} Be6 {75} 24. Nd4 {80} Bd5+ {692} 25.
Kg3 {16} f6 {81} 26. Nf5 {108} Rf7 {96} 27. Rxf7 {28} Bxf7 {10} 28. Rc7 {7} Rb8
{132} 29. Bxf6 {83} gxf6 {333} 30. Nh6+ {1} Kg7 {48} 31. Nxf7 {3} b5 {59} 32.
Ng5+ {67} Kh6 {72} 33. Nxh7 {12} f5 {64} 34. Nf6 {71} b4 {181} 35. axb4 {68}
Rxb4 {7} 36. Ng8+ {68} Kg5 {29} 37. f4+ {18} Nxf4 {38} 38. exf4+ {5} Kg6 {50}
39. Ne7+ {15} Kh5 {18} 40. Rc3 {80} Rb5 {48} 41. Rd3 {25} Ra5 {23} 42. Nd5 {21}
Ra2 {66} 43. Ne3 {20} Kg6 {42} 44. Rd6+ {9} Kh5 {5} 45. Rd5 {17} Ra3 {43} 46.
Rxf5+ {13} 1-0

[Event "TOP 12 Feminin Phase 1"]
[Site "PARIS, France"]
[Date "2025.05.10"]
[Round "4.7"]
[White "AUVRAY, Honorine"]
[Black "THOMAS, Anysia"]
[Result "0-1"]
[WhiteElo "2008"]
[BlackElo "2144"]
[PlyCount "82"]
[EventDate "2025.05.??"]
[WhiteTeam "JUVISY"]
[BlackTeam "VANDOEUVRE"]
[WhiteTeamCountry "FRA"]
[BlackTeamCountry "FRA"]

1. c4 {214} g6 {14} 2. Nc3 {25} c5 {25} 3. g3 {17} Bg7 {6} 4. Bg2 {10} Nc6 {22}
5. e3 {34} d6 {11} 6. Nge2 {31} h5 {10} 7. h3 {544} e5 {85} 8. b3 {41} Nge7 {
218} 9. Bb2 {68} Be6 {666} 10. Nd5 {24} Bxd5 {584} 11. cxd5 {358} Nb4 {132} 12.
O-O {1013} Nbxd5 {68} 13. f4 {148} Qd7 {94} 14. a3 {508} Nb6 {392} 15. fxe5 {
651} dxe5 {78} 16. d4 {60} exd4 {691} 17. exd4 {39} O-O {79} 18. dxc5 {215}
Bxb2 {101} 19. cxb6 {28} Qe6 {120} 20. Ra2 {336} Rad8 {276} 21. Qb1 {426} Qxb6+
{342} 22. Kh1 {59} Bg7 {41} 23. Nf4 {211} Nf5 24. Nxh5 {453} Ne3 {93} 25. Nxg7
{10} Nxf1 {52} 26. Bxf1 {273} Kxg7 {13} 27. Kh2 {104} Qe3 {242} 28. b4 {85}
Rd2+ {59} 29. Rxd2 {7} Qxd2+ {6} 30. Bg2 {5} Qc3 {115} 31. Bxb7 {109} Re8 {139}
32. Qg1 {103} Re2+ {82} 33. Bg2 {13} Re3 {43} 34. a4 {149} Rxg3 {318} 35. Qxa7
{16} Rg5 {112} 36. Qb8 {88} Qd2 {39} 37. Qb7 {25} Qf4+ {26} 38. Kg1 {81} Re5 {
36} 39. Qa6 {38} Re1+ {48} 40. Bf1 {1} Qg3+ {13} 41. Kh1 Qf2 {44} 0-1

[Event "TOP 12 Feminin Phase 1"]
[Site "PARIS, France"]
[Date "2025.05.10"]
[Round "4.8"]
[White "BLANQUET, Camille"]
[Black "AUBERT, Estee"]
[Result "1-0"]
[WhiteElo "2073"]
[BlackElo "1966"]
[PlyCount "77"]
[EventDate "2025.05.??"]
[WhiteTeam "VANDOEUVRE"]
[BlackTeam "JUVISY"]
[WhiteTeamCountry "FRA"]
[BlackTeamCountry "FRA"]

1. d4 {2} d5 {228} 2. Nf3 {9} Nf6 {4} 3. c4 {11} dxc4 {5} 4. e3 {10} a6 {8} 5.
Bxc4 {14} e6 {5} 6. O-O {51} c5 {6} 7. b3 {68} cxd4 {173} 8. Nxd4 {42} Be7 {95}
9. Bb2 {60} b5 {28} 10. Be2 {159} Bb7 {12} 11. Bf3 {182} Ra7 {9} 12. Nd2 {286}
O-O {211} 13. Rc1 {364} Qd7 {121} 14. Bxb7 {228} Rxb7 {78} 15. Qc2 {159} Nd5 {
306} 16. a3 {188} Rc7 {108} 17. Qd3 {143} Rfc8 {69} 18. Rxc7 {134} Rxc7 {11}
19. e4 {277} Nf4 {243} 20. Qb1 {758} e5 {273} 21. Nf5 {291} f6 {844} 22. Nf3 {
282} Bc5 {265} 23. Rd1 {229} Qc8 {61} 24. b4 {193} Bf8 {323} 25. Qa2+ {353} Kh8
{25} 26. g3 {200} Ne2+ {447} 27. Kg2 {12} Rc2 {483} 28. Qb3 {165} Rc4 {378} 29.
Qd3 {319} Nc3 {132} 30. Bxc3 {59} Rxc3 {3} 31. Qd8 {18} Rc7 {30} 32. N3h4 {320}
Nc6 {123} 33. Qd5 {44} g6 {203} 34. Ne3 {110} Nd4 {35} 35. Nf3 {160} Nc2 {680}
36. Nxc2 {54} Rxc2 {6} 37. Qf7 {26} Bg7 {146} 38. Qe7 {48} Qg8 {343} 39. Rd8 {
19} 1-0

[Event "TOP 12 Feminin Phase 1"]
[Site "PARIS, France"]
[Date "2025.05.10"]
[Round "4.10"]
[White "PARTAC, Elena"]
[Black "PAEHTZ (mul), Elisabeth"]
[Result "0-1"]
[WhiteElo "2059"]
[BlackElo "2401"]
[PlyCount "82"]
[EventDate "2025.05.??"]
[WhiteTeam "CHALONS EN CHAMAPGNE"]
[BlackTeam "MONACO"]
[WhiteTeamCountry "FRA"]
[BlackTeamCountry "FRA"]

1. e4 {14} c5 {8} 2. Nf3 {8} d6 {46} 3. c3 {65} Nf6 {14} 4. Bd3 {9} g6 {165} 5.
Bc2 {20} Bg7 {8} 6. O-O {10} O-O {47} 7. h3 {79} Nc6 {49} 8. Re1 {35} Ne5 {305}
9. Nxe5 {1104} dxe5 {5} 10. d3 {3} Nh5 {135} 11. Be3 {396} Qc7 {17} 12. Nd2 {
743} Bd7 {74} 13. Rc1 {469} Rad8 {91} 14. b4 {241} cxb4 {105} 15. cxb4 {4} b6 {
278} 16. a4 {283} Nf4 {211} 17. Nf3 {739} Ne6 {581} 18. Qd2 {283} Qd6 {15} 19.
Bb3 {95} Kh8 {758} 20. Bh6 {276} f6 {227} 21. Bxg7+ {41} Kxg7 {16} 22. Red1 {
636} Nf4 {225} 23. d4 {154} Bxh3 {784} 24. gxh3 {51} Qd7 {4} 25. dxe5 {63} Qxd2
{41} 26. Nxd2 {204} Ne2+ {6} 27. Kg2 {133} Nxc1 {6} 28. Rxc1 {3} Rxd2 {6} 29.
e6 {24} f5 {224} 30. e5 {3} Rb2 {15} 31. Rc3 {125} Rd8 {23} 32. a5 {441} Rdd2
33. axb6 {28} axb6 {4} 34. Rf3 {34} Re2 {27} 35. Ba4 {31} Rxb4 {13} 36. Bd7 {31
} Rxe5 {5} 37. Rc3 {29} Rb2 {25} 38. Rc8 {21} Ree2 {33} 39. Re8 {31} Rxf2+ {5}
40. Kg3 {23} Kf6 {22} 41. Rf8+ {41} Ke5 {31} 0-1

[Event "TOP 12 Feminin Phase 1"]
[Site "PARIS, France"]
[Date "2025.05.10"]
[Round "4.11"]
[White "BELENKAYA, Dina"]
[Black "MORACCHINI, Margaux"]
[Result "1-0"]
[WhiteElo "2240"]
[BlackElo "2019"]
[PlyCount "107"]
[EventDate "2025.05.??"]
[WhiteTeam "MONACO"]
[BlackTeam "CHALONS EN CHAMPAGNE"]
[WhiteTeamCountry "FRA"]
[BlackTeamCountry "FRA"]

1. d4 {8} Nf6 {53} 2. c4 {5} g6 {36} 3. Nc3 {7} Bg7 {5} 4. e4 {10} d6 {8} 5.
Be2 {8} O-O {61} 6. Be3 {11} c5 {721} 7. d5 {27} b5 {91} 8. cxb5 {232} a6 {62}
9. a4 {396} Qa5 {691} 10. f3 {120} axb5 {180} 11. Bxb5 {329} Na6 {173} 12. Nge2
{170} Nb4 {152} 13. O-O {127} Ba6 {428} 14. Ra3 {315} Rfb8 {72} 15. Qd2 {256}
Ne8 {344} 16. f4 {497} Nc7 {79} 17. f5 {389} Qb6 {131} 18. Rb3 {956} Qa5 {283}
19. Ra3 {55} Qb6 {85} 20. Bg5 {547} Bd4+ 21. Nxd4 {992} cxd4 {4} 22. Nd1 {148}
Nxb5 {176} 23. axb5 {14} Qxb5 {12} 24. Rf2 {202} f6 {44} 25. fxg6 {81} hxg6 {53
} 26. Rg3 {68} Nd3 {126} 27. Bxf6 {815} Nxf2 {108} 28. Rxg6+ {2} Kf7 {39} 29.
Rg7+ {3} Kf8 {93} 30. Rg8+ {13} Kf7 {13} 31. Rg7+ {5} Kf8 {4} 32. Qxf2 {107}
Qf1+ {8} 33. Qxf1 {2} Bxf1 {4} 34. Kxf1 {67} exf6 {3} 35. Rd7 {9} d3 {483} 36.
Ke1 {12} Rb4 {20} 37. Kd2 {16} Rxe4 {103} 38. Kxd3 {40} Rh4 {50} 39. h3 {26}
Ra6 {37} 40. Ne3 {27} Ke8 {40} 41. Rb7 {13} Rh5 {79} 42. Ke4 {48} Re5+ {50} 43.
Kf4 {28} Re7 {102} 44. Rb8+ {32} Kf7 {4} 45. Nf5 {27} Re5 {262} 46. Rb5 {28}
Re2 {102} 47. g4 {30} Rd2 {147} 48. h4 {17} Ra4+ {99} 49. Ke3 {26} Rg2 {60} 50.
Rb7+ {104} Kf8 {17} 51. Rb8+ {4} Kf7 {4} 52. Nxd6+ {25} Kg6 {19} 53. h5+ {17}
Kh7 {13} 54. Ne4 {47} 1-0

[Event "TOP 12 Feminin Phase 1"]
[Site "PARIS, France"]
[Date "2025.05.10"]
[Round "4.12"]
[White "MARTOIAN, Seda"]
[Black "DORNBUSCH, Tatiana"]
[Result "0-1"]
[WhiteElo "1729"]
[BlackElo "2250"]
[PlyCount "50"]
[EventDate "2025.05.??"]
[WhiteTeam "MONACO"]
[BlackTeam "CHALONS EN CHAMPAGNE"]
[WhiteTeamCountry "FRA"]
[BlackTeamCountry "FRA"]

1. e4 {3} Nf6 {42} 2. Nc3 {52} e5 {194} 3. Nf3 {51} Nc6 {5} 4. d4 {147} exd4 {
16} 5. Nxd4 {5} Bb4 {28} 6. Nxc6 {193} bxc6 {11} 7. Bd2 {141} O-O {62} 8. Bd3 {
39} d5 {141} 9. O-O {241} Bg4 {1428} 10. Qc1 {523} Re8 {377} 11. Re1 {717} Rb8
{676} 12. a3 {557} Bc5 {395} 13. Bg5 {291} h6 {218} 14. Bh4 {82} Bd4 {492} 15.
Kh1 {978} Qd7 {192} 16. Rb1 {121} Bxc3 {306} 17. bxc3 {13} Rxb1 {42} 18. Qxb1 {
8} dxe4 {42} 19. Bxf6 {393} exd3 {96} 20. f3 {499} dxc2 {78} 21. Rxe8+ {109}
Qxe8 {5} 22. Qc1 {76} Qe2 {15} 23. Qg1 {203} Qd1 {25} 24. Bg5 {39} hxg5 {9} 25.
Qxd1 {7} cxd1=Q# {8} 0-1